Tilastot visalle Argentiina-visa

Klikkaa tästä pelataksesi tätä visaa!

Yleistilastot

  • Tätä visaa on pelattu 458 kertaa
  • Keskiarvotulos 12 / 22

Vastaustilastot

VihjeVastaus% Oikein
Virallinen kieliEspanja
97%
PääkaupunkiBuenos Aires
91%
Argentiinasta alun perin lähtöisin oleva tanssiTango
80%
Kahdeksan kertaa Kultaisen pallon voittanut jalkapalloilijaLionel Messi
78%
ValuuttaPeso
77%
Vuoristo, jossa yllä oleva sijaitseeAndit
72%
"Vuosisadan maalin" tehnyt jalkapalloilijaDiego Maradona
71%
Valtio, jota vastaan Argentiina soti vuonna 1982Yhdistynyt kuningaskunta
71%
Saaret, joista sodittiinFalklandinsaaret
62%
Talouteen liittyvä luku,
joka ylsi 12 000 %:n vuonna 1989
Inflaatio
60%
Marxistinen Argentiinassa syntynyt vallankumouksellinenChe Guevara
51%
Argentiinassa syntynyt paaviFranciscus
51%
Alkuaine, jonka mukaan Argentiina on nimettyHopea
50%
Eteläinen saariryhmäTulimaa
49%
Pohjoisen viljava aroaluePampa
45%
Presidentti Perónin kuuluisin vaimoEva
43%
Argentiinan ja Uruguayn välissä oleva estuaariRío de la
{Plata}
37%
Harvaanasuttu Chilen kanssa jaettu
eteläinen alue
Patagonia
33%
Vesiputoukset Brasilian vastaisella rajallaIguassun putoukset
28%
Korkein vuoriAconcagua
27%
Nimitys argentiinalaiselle lehmipojalle (cowboylle)Gaucho
27%
Argentiinalaistyylinen grilliruokaAsado
11%

Tulosjakauma

Persentiili vastausten määrän mukaan

Jokaisen tuloksen saaneiden osuus

Tuloshistoriasi

Et ole pelannut tätä visaa